000 01233cam a2200397 a 4500
001 16681974
005 20150127102014.0
008 110304s2012 stka b 001 0 eng
010 _a 2011009925
020 _a9780702042935 (pbk.)
020 _a9780702042942 (international)
020 _a9789814371247
035 _a(DNLM)101555630
040 _aDNLM/DLC
_cDLC
_dDLC
042 _apcc
050 0 0 _aRM 262
_b.C5 2012
060 1 0 _aWB 330
082 0 0 _a615.5/8
245 0 0 _aClinical pharmacy and therapeutics /
_cedited by Roger Walker and Cate Whittlesea.
250 _a5th ed.
260 _aEdinburgh :
_bChurchill Livingston/Elsevier,
_c2012.
300 _axii, 983 pages :
_billustrations (some color) ;
_c28 cm.
504 _aIncludes bibliographical references and index.
521 _aPharmacy
650 0 _aChemotherapy.
650 0 _aPharmacology.
650 0 _aTherapeutics.
650 0 _aPharmacy.
650 1 2 _aDrug Therapy.
650 2 2 _aPharmacology, Clinical.
700 1 _aWalker, Roger,
_cPh. D.
700 1 _aWhittlesea, Cate.
906 _a7
_bcbc
_corignew
_d1
_eecip
_f20
_gy-gencatlg
942 _2lcc
_cBK
999 _c278736
_d278736